000 01831nam0a2200397 4500
001 RU\NLR\BIBL_A\012120911
005 20191029112428.0
021 _aRU
_bКН-П-19-071524
_9КН-П-19-5152
035 _a(NLR Aleph) 012120911
035 _a(RuMoRGB)010101198
090 _a11992499
_c11992499
100 _a20191016d2019 u y0rusy50 ca
101 0 _arus
102 _aRU
105 _ay z ||000z
200 1 _aВсё о личных налогах и вычетах
_f[Е. А. Рожкова, М. Г. Суховская, Е. А. Шаронова
_gпод общей редакцией Е. М. Филимоновой]
_gГлавная книга
210 _aМосква
_cГлавная книга
_d2019
215 _a126 с.
_cил., табл.
_d21
225 1 _aБиблиотека
300 _aАвт. указаны на обороте тит. л.
606 1 _aФизические лица
_xНалоговое обложение
_yРоссийская Федерация
_jСправочники
_2nlr_sh1
_2nlr_sh2
_3RU\NLR\AUTH\661283962
606 1 _aНалоговые вычеты
_yРоссийская Федерация
_jСправочники
_2nlr_sh1
_2nlr_sh2
_3RU\NLR\AUTH\661405350
686 1 _aХ622.24я2
686 1 _aУ26(2)141.34я2
686 1 _aУ26(2)141.3-805.4я2
700 1 _aРожкова
_bЕ. В.
701 1 _aСуховская
_bМ. Г.
701 1 _aШаронова
_bЕ. А.
_gЕлена Александровна
702 1 _aФилимонова
_bЕ. М.
_gЕвгения Михайловна
_3RU\NLR\AUTH\770148294
_4340
712 0 2 _a"Главная книга", издательство
_cМосква
_3RU\NLR\AUTH\880429297
_4570
942 _cBOOK
980 _aNBR
980 _aNB